| 000 | 00493nam a2200157 i 4500 | ||
|---|---|---|---|
| 001 | 24723 | ||
| 003 | ES-MaACL | ||
| 005 | 20230906153119.0 | ||
| 007 | t| | ||
| 008 | 021218s1912 fr ||||1| fre d | ||
| 100 | 1 |
_aAnghelovici, Virgile. _921729 |
|
| 245 | 1 | 3 |
_aDu bénéfice d'inventaire dans le code civil suisse _b: étude de droit civil comparé / _cVirgile Anghelovici. |
| 260 |
_aParis : _bM. Giard & E. Brière, _c1912. |
||
| 300 |
_a201 p. ; _c24 cm. |
||
| 852 |
_aES-MaACL _jT-1435-F-8 |
||
| 999 |
_c24723 _d24723 |
||